banner-ar

الرحيل الى منبع النهر : (Record no. 60950)

MARC details
000 -الفاتح
حقل البيانات ثابتة الطول 00757nam a22002177a 4500
005 - وقت وتاريخ اخر تعامل مع التسجيلة
رقم الضبط 20240530110436.0
008 - عناصر البيانات ثابتة الطول - معلومات عامة
حقل البيانات ثابتة الطول 150408s2012 ua g 000 p ara d
017 ## - رقم الايداع القانونى
رقم الايداع القانونى 2012/1629
المصدر ( الهيئة المختصة) مصر . دار الكتب المصرية
020 ## - الرقم الدولى المعيارى للكتب
الرقم الدولى المعيارى للكتاب 9789774277281
040 ## - مصدر الفهرسة
وكالة الفهرسة الأصلية EG-CaGPL
082 04 - رقم تصنيف ديوى العشرى
رقم الطبعة 21
رقم التصنيف 811.9\
رقم المادة ف ر
100 0# - المدخل الرئيسى - إسم شخصى
الإسم الشخصى فاروق شوشة.
245 12 - بيان العنوان
العنوان الرحيل الى منبع النهر :
بقية العنوان شعر /
بيان المسئوليه,etc فاروق شوشة.
250 ## - بيان الطبعة
بيان الطبعة ط1.
260 ## - PUBLICATION, DISTRIBUTION, ETC. (IMPRINT)
تاريخ النشر أو التوزيع 2012.
300 ## - الوصف المادى
التعداد 110 ص ؛
أبعاد الوعاء 21 سم.
650 04 - المدخل الاضافى بالموضوع-مصطلح موضوعى
مصطلح موضوعي الشعر العربى.
650 04 - المدخل الاضافى بالموضوع-مصطلح موضوعى
مصطلح موضوعي الشعر العربى
التقسيم الفرعي العام دواوين وقصائد.
942 ## - عناصر المدخل الإضافي( كوها)
مصدر التصنيف او مخطط الترفيف Dewey Decimal Classification
Koha [default] item type كتاب
260 ## - PUBLICATION, DISTRIBUTION, ETC. (IMPRINT)
-- القاهرة :
-- الدار المصرية اللبنانية ،
Holdings
حالة التراجع حالة الفقد حالة تلف ليس للاعارة المكان المؤقت الموقع الحالى تاريخ الاكتساب اجمالي اﻻعارات رقم الطلب الباركود تاريخ اخر مشاهدة تاريخ تفعيل السعر نوع وعاء كوها
        مكتبة القاهرة الكبرى مكتبة القاهرة الكبرى 04/08/2015   811.9\ ف ر 160145 04/08/2015 04/08/2015 كتاب

Powered By

EGPV